Ejercer de madre (Registro nro. 36021)

Detalles MARC
000 -CABECERA
Longitud fija campo de control 00553nam a2200181 4500
003 - • IDENTIFICADOR DELl NÚMERO DE CONTROL
Identificador del número de control CO-ViMGA
020 ## - • NÚMERO INTERNACIONAL NORMALIZADO PARA LIBROS
Número Internacional Normalizado para Libros (ISBN) 9788423693184
040 ## - FUENTE DE LA CATALOGACIÓN
Centro catalogador de origen CO-ViMGA
Lengua de catalogación spa
Centro transcriptor CO-ViMGA
082 04 - • NÚMERO DE LA CLASIFICACIÓN DECIMAL DEWEY
Número de clasificación (R) 613
Número del ítem D19e
100 1# - • PUNTO DE ACCESO PRINCIPAL-NOMBRE DE PERSONA
Nombre de persona Davis Raskin, Valery
245 10 - • TITULO PROPIAMENTE DICHO
Título Ejercer de madre
Resto del título Superar los nueve desafios de la maternidad
Mención de responsabilidad, etc. Valerie, Davis Raskin
300 ## - • DESCRIPCIÓN FÍSICA
Extensión 280 p. ;
Otras características físicas 21 cm.
490 ## - • MENCIÓN DE SERIE
Mención de serie S.O.S Padres en apuros
500 ## - • NOTA GENERAL
Nota general Incluye epilogo.
650 14 - • PUNTO DE ACCESO ADICIONAL DE MATERIA - TÉRMINO DE MATERIA
Término de materia o nombre geográfico como elemento inicial Ciencias Mèdicas, Psicologia
942 ## - ENTRADA DE ELEMENTOS AGREGADOS (KOHA)
Fuente de clasificaión o esquema Dewey Decimal Classification
Koha [por defecto] tipo de item LIbro
Existencias
Perdido Fuente de clasificación o esquema Estado Físico No para préstamo Forma de adquisición Localización permanente Localización actual Fecha adquisición Coste, precio normal de compra Préstamos totales Signatura completa Código de barras Fecha última consulta Número de copia Fecha del precio de reemplazo Tipo de item de Koha
  Dewey Decimal Classification     Sala Especializada Tercer Piso Biblioteca Pública Germán Arciniegas - Villavicencio Biblioteca Pública Germán Arciniegas - Villavicencio 09/06/2016 51000.00   613 D19e 30477 11/09/2018 Ej. 1 09/06/2016 LIbro









Instituto Departamental de Cultura del Meta - Red Departamental de Bibliotecas Públicas del Meta.